| 000 | 00457nam a2200133Ia 4500 | ||
|---|---|---|---|
| 008 | 250506s9999 xx 000 0 und d | ||
| 024 | _a09B-010-CE, 09B-004-CE, 09B-001-CE & 09B-003-CE | ||
| 082 | _a610.28072 ARI | ||
| 100 | _aMumshad Arif, M. A. Lateef Ansari, Syed M. Umair & Tania Nasir | ||
| 245 | 0 | _aPatient Monitoring Wrist Band | |
| 260 |
_aKarachi: _bUIT, _c2009 |
||
| 600 | _aComputer System Engineering | ||
| 650 | _aBachelor of Engineering (BE) | ||
| 999 |
_c27775 _d27775 |
||